It looks like you're offline.
Open Library logo
additional options menu

MARC record from Internet Archive

LEADER: 00675cam 2200229 a 4500
001 86022094 //r96
003 DLC
005 19961216162356.3
008 860902s1986 tnua 001 0deng
010 $a 86022094 //r96
020 $a0934395314 :$c$8.95
040 $aDLC$cDLC$dDLC
043 $an-us-tn
050 00 $aF436.5$b.I7 1986
082 00 $a976.8$219
245 00 $aIt happened in Tennessee /$c[compiled by] James Ewing.
260 0 $aNashville, Tenn. :$bRutledge Hill Press,$cc1986.
300 $a144 p. :$bill. ;$c22 cm.
500 $aIncludes index.
651 0 $aTennessee$xHistory$xMiscellanea.
651 0 $aTennessee$xBiography.
700 10 $aEwing, James,$d1917-1989.